Responses for Show #8027 - Tuesday, July 2, 2019

Contestants

[<< previous game]

Charlie Jorgenson, a librarian from Loveland, Colorado

Allison Lyttle, a music librarian from Harrisonburg, Virginia

Josh Levit, a union organizer from Brighton, Massachusetts (whose 1-day cash winnings total $8,199)

[next game >>]

Jeopardy! Round responses

PEOPLE SEXIEST MAN ALIVE MOVIE TEAM-UPS
A GEM OF A WORD
SALAD
CORRUPTION ALL AROUND
BONE UP ON YOUR ANAGRAMS
(Alex: Each correct response will be a human bone.)
"B" WHERE OF DOG
    $200 4
Hugh Jackman

Allison
    $200 3
a diamond

Charlie
    $200 22
a chef salad

Josh
    $200 1
India

Charlie
    $200 12
the humerus

Allison
    $200 16
Boston

Josh
    $400 5
Magic Mike

Charlie
    $400 29
amber

Josh
    $400 21
a spring mix

Charlie
    $400 2
(Charlie: What is seed money?)

graft

AllisonCharlie
    $400 30
patella

Allison
    $400 17
(Josh: What is Shetland?)

border

JoshAllison
    $600 6
Johnny Depp

Charlie
    $600 13
the Emerald Isle

Allison
    $600 18
mozzarella

Allison
    $600 9
New York City

Charlie
    $600 28
a sternum

Allison
    $600 23
Brussels

Josh
    $800 7
Idris Elba

Charlie
    $800 14
Sapphire

Allison
    $1,000 19
Thousand Island

Allison
    $800 10
a kickback

Allison
    $800 27
a scapula

Josh
    $800 24
(Alex: Less than a minute now.)

Bolognese

Josh
    $1000 8
Point Break

Josh
    $1000 15
Pearl

Josh
    $1000 20
mustard greens

Charlie
    $1000 11
drain the swamp

Charlie
    $1000 26
a mandible

Josh
    $1000 25
Brittany

Josh

Scores at the first commercial break (after clue 15):

Josh Allison Charlie
$2,000 $3,000 $3,400

Scores at the end of the Jeopardy! Round:

Josh Allison Charlie
$6,600 $6,000 $4,800

Double Jeopardy! Round responses

THE GEORGE W. BUSH PRESIDENTIAL LIBRARY
(Alex: Our 43rd president is celebrating a birthday this weekend.)
CITIES IN THE COUNTRY
LITERATURE FROM A DIFFERENT PERSPECTIVE
"SC"ILENT C
DOCTORS & LAWYERS
& SUCH
    $400 9
the Texas Rangers

Charlie
    $400 6
Vietnam

Josh
    $400 1
the Iliad

Josh
    $400 12
a crescent

Allison
    $400 17
(Dr.) Parkinson

Allison
    $400 23
Saks 5th Avenue

Charlie
    $800 10
Ground Zero

Josh
    $800 7
Switzerland

Charlie
    $800 2
Ahab

Charlie
    $800 13
a scepter

Allison
    $3,000 19
Clarence Darrow

Charlie
    $800 24
Casino Royale

Allison
    $1200 28
Saddam Hussein

Allison
    $1200 8
Nigeria

Allison
    $1200 3
Bennet

Josh
    $1200 14
(Josh: What is effervescent?)

scintillating

JoshCharlie
    $1200 18
Peter Sellers

Charlie
    $1200 25
(L. Ron) Hubbard

Josh
    $1600 29
Central Command

Allison
    $1600 11
Israel

Allison
    $3,000 4
(Josh: Who is Hamlet?)

Romeo

Josh
    $1600 15
the Scion

Charlie
    $1600 20
Jeffrey Toobin

Triple Stumper
    $1600 26
George Carlin

Charlie
    $2000 30
(Alex: And our birthday wishes, of course, go out to former President George W. Bush.)

the Resolute desk

Charlie
    $2000 22
Denmark

Josh
    $2000 5
(Robinson) Crusoe and Friday

Josh
    $2000 16
the sciatic

Allison
    $2000 21
(Cyrus) Vance

Josh
    $2000 27
Angel Island

Triple Stumper

Scores at the end of the Double Jeopardy! Round:

Josh Allison Charlie
$12,400 $16,000 $17,800

[wagering suggestions for these scores]

Final Jeopardy! Round responses

WORD ORIGINS
JoshWhat is stopgap?
$3,601
AllisonWhat is spliced
$12,000
CharlieWhat is jury-rigged?
$15,000
jury-rigged or jerry-rigged

Final scores:

Josh Allison Charlie
$8,799 $4,000 $32,800
2nd place: $2,000 3rd place: $1,000 New champion: $32,800

Game dynamics:

Coryat scores:

Josh Allison Charlie
$15,400 $15,800 $15,600
18 R,
3 W
(including 1 DD)
20 R
(including 1 DD),
0 W
19 R
(including 1 DD),
1 W

Combined Coryat: $46,800

[game clues] [game scores] [suggest correction]

Game tape date: 2019-03-26
The J! Archive is created by fans, for fans. Scraping, republication, monetization, and malicious use prohibited; this site may use cookies and collect identifying information. See terms. The Jeopardy! game show and all elements thereof, including but not limited to copyright and trademark thereto, are the property of Jeopardy Productions, Inc. and are protected under law. This website is not affiliated with, sponsored by, or operated by Jeopardy Productions, Inc. Join the discussion at JBoard.tv.